ბათუმის შოთა რუსთაველის სახელმწიფო უნივერსიტეტის ბიბლიოთეკა

ტკივილი. [წ.] 3. ჩემი ქაოსი (ბიბ.ჩანაწერი № 49142)

000 -LEADER
fixed length control field 01629nam a2200241Ia 4500
001 - CONTROL NUMBER
control field 16052
003 - CONTROL NUMBER IDENTIFIER
control field GE_BSU
008 - FIXED-LENGTH DATA ELEMENTS--GENERAL INFORMATION
fixed length control field 181216s||||||||xx |||||||||||||| ||und||
040 ## - CATALOGING SOURCE
Transcribing agency GE_BSU
080 ## - UNIVERSAL DECIMAL CLASSIFICATION NUMBER
Universal Decimal Classification number 821.353.1-1
100 ## - MAIN ENTRY--PERSONAL NAME
Personal name ჯინჯიხაძე, ჯემალ
245 ## - TITLE STATEMENT
Title ტკივილი. [წ.] 3. ჩემი ქაოსი
245 ## - TITLE STATEMENT
Remainder of title ლექსები
245 ## - TITLE STATEMENT
Statement of responsibility, etc. რედ. ოთარ მიქიაშვილი.
260 ## - PUBLICATION, DISTRIBUTION, ETC.
Place of publication, distribution, etc. თბილისი
260 ## - PUBLICATION, DISTRIBUTION, ETC.
Name of publisher, distributor, etc. ეგრისი
260 ## - PUBLICATION, DISTRIBUTION, ETC.
Date of publication, distribution, etc. 1998
300 ## - PHYSICAL DESCRIPTION
Extent 72 გვ.21 სმ.
653 ## - INDEX TERM--UNCONTROLLED
Uncontrolled term გონს, გევედრებით, მოდით, მეფენო!; ჩემი ჯაკონდა; ***აჰა, მე მოველ!; ცისფერ თვალთა სევდიანი მზერით; ისე შორსა ხართ; ***ნატყვიარ ფიქრებს; ჩემი ჩუმი ჩერო; დაუშვით აფრები!; გზა ხშირად უსაგნო ბინდია; ვეძებ იმედებს; ***ო, ნუ მომაყრი; არ მელოდა; ოცნების ქარგავ!;
653 ## - INDEX TERM--UNCONTROLLED
Uncontrolled term ტკივილი
653 ## - INDEX TERM--UNCONTROLLED
Uncontrolled term შენით და მხოლოდ შენით!; მდუმარე ღამით; გულო, კენტო და ცალო!; დროო, საპყარო!; მე გელი ახლაც; ***ნათლის და ბნელის; ტამარი ტოკავს [და სხვ.]
942 ## - ADDED ENTRY ELEMENTS (KOHA)
Koha item type წიგნი
ეგზემპლარები
Withdrawn status Lost status Damaged status Not for loan Date acquired Barcode Date last seen Price effective from Koha item type
        2018-12-17 39771 2018-12-17 2018-12-17 წიგნი